<The> Irony of Democracy <An> Uncommon Introduction to American Politics
Salvato in:
| Autore principale: | |
|---|---|
| Altri autori: | |
| Natura: | Libro |
| Lingua: | inglese |
| Pubblicazione: |
Pacific Grove
Brooks/Cole Pub. Co.
1987
|
| Edizione: | 7. ed. |
| Tags: |
Nessun Tag, puoi essere il primo ad aggiungerne!!
|
MARC
| LEADER | 00000nam a2200000 4500 | ||
|---|---|---|---|
| 001 | c022694 | ||
| 005 | 20221219120058.1 | ||
| 041 | 0 | |a eng | |
| 044 | |a US | ||
| 245 | 1 | 0 | |a <The> Irony of Democracy |b <An> Uncommon Introduction to American Politics |c Thomas R. Dye, Harmon Zeigler |
| 250 | |a 7. ed. | ||
| 264 | 1 | |a Pacific Grove |b Brooks/Cole Pub. Co. |c 1987 | |
| 300 | |a 506 s. | ||
| 100 | 1 | |a Dye, Thomas R. | |
| 700 | 1 | |a Zeigler, Harmon | |